Online
Catalog

La primera visión de América y otros estudios / (Record no. 18733)

MARC details
000 -CABECERA
campo de control de longitud fija 00754cam a2200229 a 4500
001 - NÚMERO DE CONTROL
campo de control 000019215
005 - FECHA Y HORA DE LA ÚLTIMA TRANSACCIÓN
campo de control 20200929165943.0
008 - DATOS DE LONGITUD FIJA--INFORMACIÓN GENERAL
campo de control de longitud fija 840303s1969 ve 000 0 spa d
040 ## - FUENTE DE LA CATALOGACIÓN
Centro catalogador/agencia de origen DO-SdBNP
Lengua de catalogación spa
Centro/agencia transcriptor LC
Centro/agencia modificador BNPHU
050 00 - SIGNATURA TOPOGRÁFICA DE LA BIBLIOTECA DEL CONGRESO
Número de clasificación PC4027
Número de documento/Ítem .R6
082 ## - NÚMERO DE LA CLASIFICACIÓN DECIMAL DEWEY
Número de clasificación nn*
Número de documento/Ítem R813p, 1969
049 ## - FONDOS LOCALES (OCLC)
Fondos de biblioteca BNGR
100 1# - ENTRADA PRINCIPAL--NOMBRE DE PERSONA
Nombre de persona Rosenblat, Angel.
9 (RLIN) 28168
245 13 - MENCIÓN DE TÍTULO
Título La primera visión de América y otros estudios /
Mención de responsabilidad, etc. Angel Rosenblat.
260 ## - PUBLICACIÓN, DISTRIBUCIÓN, ETC.
Lugar de publicación, distribución, etc. Caracas :
Nombre del editor, distribuidor, etc. Ministerio de Educación, Dirección Técnica, Departamento de Publicaciones,
Fecha de publicación, distribución, etc. 1969.
300 ## - DESCRIPCIÓN FÍSICA
Extensión 272 p. ;
Dimensiones 20 cm.
490 1# - MENCIÓN DE SERIE
Mención de serie Vigilia,
Designación de volumen o secuencia 8
650 #0 - PUNTO DE ACCESO ADICIONAL DE MATERIA--TÉRMINO DE MATERIA
Término de materia o nombre geográfico como elemento de entrada Spanish philology.
9 (RLIN) 39599
651 #0 - PUNTO DE ACCESO ADICIONAL DE MATERIA--NOMBRE GEOGRÁFICO
Nombre geográfico Latin America
Subdivisión general Civilization.
9 (RLIN) 35143
830 #0 - PUNTO DE ACCESO ADICIONAL DE SERIE-TÍTULO UNIFORME
Título uniforme Vigilia ;
Designación de volumen o secuencia 8
9 (RLIN) 16675
910 ## - DATOS DE OPCIÓN DEL USUARIO (OCLC)
Datos de opción del usuario Catalogación derivada / LC
Holdings
Estado de retiro Estado de pérdida Restricciones de uso No para préstamo Código de colección Localización permanente Ubicación/localización actual Ubicación en estantería Fecha de adquisición Número de inventario Total de préstamos Signatura topográfica completa Código de barras Fecha visto por última vez Precio válido a partir de Tipo de ítem Koha
      Excluido de préstamo Monografías: Libros y Folletos General General En catalogación 28.05.2010 LF1   nn* R813p, 1969 19215-10 25.06.2020 25.06.2020 No se presta

Powered by Koha